Hablando se Entiende la Gente (I) (Registro nro. 52304)
[ vista simple ]
| 000 -LÍDER | |
|---|---|
| Campo fijo de descripción fija | 01001cab a2200205 i 4500 |
| 001 - NÚMERO DE CONTROL | |
| Campo de control | 768714001 |
| 003 - IDENTIFICADOR DEL NÚMERO DE CONTROL | |
| Campo de control | CO-MdFUSB |
| 005 - FECHA Y HORA DE LA ULTIMA TRANSACCIÓN | |
| control field | 20240423104627.0 |
| 008 - ELEMENTOS DE LONGITUD FIJA -- INFORMACIÓN GENERAL | |
| Campo fijo de descripción fija -- Información general | 240423t1998 ag ||||| |||| 00| 0 spa d |
| 040 ## - FUENTE DE CATALOGACIÓN | |
| Idioma de catalogación | spa |
| Agencia que realiza la transcripción | CO-MdFUSB |
| 041 ## - CÓDIGO DE IDIOMA | |
| Código de idioma para texto/pista de sonido o título separado | spa |
| 100 1# - ASIENTO PRINCIPAL--NOMBRE PERSONAL | |
| Nombre personal | Camargo López, Jesús |
| Término relacionador | autor |
| 245 ## - TÍTULO | |
| Título | Hablando se Entiende la Gente (I) |
| Mención de responsabilidad | / Jesús Camargo López |
| 300 ## - DESCRIPCIÓN FÍSICA | |
| Extensión | Volumen 17, número 2 (abril - julio, 1998), páginas: 32 - 33 |
| Dimensiones | ; 27 cm |
| 520 ## - NOTA DE RESUMEN, ETC. | |
| Nota de sumario, etc. | Una buena herramienta de gestión de palabras es el concepto de declaraciones "yo" y mensajes "tú", que se utilizan en muchos programas para padres. En este artículo, se analiza las declaraciones Yo, que son mensajes sobre mí mismo: lo que siento, lo que necesito, lo que creo. Por ejemplo: "estoy enojado", "estoy emocionado". |
| 650 14 - ASIENTO SECUNDARIO DE MATERIA - TERMINO TEMÁTICO | |
| Término temático o nombre geográfico como elemento de entrada | FAMILIA |
| 700 1# - ENTR. SECUNDARIA - Nombre Personal (R) | |
| Nombre de persona | Pérez de Camargo, Carmen |
| 773 0# - ASIENTO DE ITEM FUENTE | |
| Título | Iglesia y Misión |
| Biblionumber | 49402 |
| Itemnumber | 59634 |
| Parte(s) relacionada(s) / Volumen., número. (mes año), páginas | Volumen 17, número 2 (abril - julio, 1998), páginas: 32 - 33 |
| Enumeración y primera página | página: 32 |
| 942 ## - TIPO DE MATERIAL (KOHA) | |
| Tipo de Item KOHA | Artículos de Revista |
No hay ítems disponibles.
